000 00296nam a22001217a 4500
020 _a9789380235479
082 _a635
_bPET/TH
245 _aThe Science of Horticulture - Vol.1
260 _aNew Delhi
_bNew India Publishing Agency
_c2011
300 _a406
700 _aPeter,K.V
_9305
942 _cBK
999 _c14299
_d14299